[Event "Sunway Formentera op 4th"]
[Site "Sant Ferran de ses Roques"]
[Date "2025.04.29"]
[Round "1"]
[White "Seppala, Joni"]
[Black "Aishwin, Daniel"]
[Result "1/2-1/2"]
[WhiteElo "1977"]
[BlackElo "2236"]
[PlyCount "60"]
[EventDate "2025.04.29"]
[EventType "swiss"]
[EventRounds "10"]
[EventCountry "ESP"]
[SourceTitle "CB20_2025"]
[SourceDate "2025.05.14"]
[SourceVersion "1"]
[SourceVersionDate "2025.05.14"]
[SourceQuality "1"]

1. d4 f6 2. Nf3 d6 3. e4 e5 4. c4 c5 5. d5 g6 6. Nc3 Bg7 7. g3 Ne7 8. h4 h6 9. h5 g5 10. Nh2 f5 11. f3 a6 12. Bh3 0-0 13. 0-0 Nd7 14. exf5 Nxf5 15. Bxf5 Rxf5 16. Ng4 Rf8 17. a4 Qe8 18. Ne4 Qxh5 19. Nxd6 Qg6 20. Nxc8 Raxc8 21. Qe2 Rf7 22. Ra3 Rcf8 23. Kg2 h5 24. Nh2 Bh6 25. Rb3 b6 26. a5 bxa5 27. Ra3 Bg7 28. Rxa5 Rb8 29. Qe4 Qf6 30. Qd3 Rb4 1/2-1/2

[Event "La Roda op 51st"]
[Site "La Roda"]
[Date "2025.04.19"]
[Round "8"]
[White "Martinez Herranz, Francisco Jose"]
[Black "Aishwin, Daniel"]
[Result "1/2-1/2"]
[WhiteElo "2050"]
[BlackElo "2236"]
[PlyCount "41"]
[EventDate "2025.04.15"]
[EventType "swiss"]
[EventRounds "9"]
[EventCountry "ESP"]
[SourceTitle "CB17_2025"]
[SourceDate "2025.04.23"]
[SourceVersion "1"]
[SourceVersionDate "2025.04.23"]
[SourceQuality "1"]

1. Nf3 e6 2. g3 f5 3. c4 Nf6 4. Bg2 Nc6 5. 0-0 e5 6. d3 Be7 7. Nc3 0-0 8. a3 a5 9. Qa4 d6 10. b4 Qe8 11. Bb2 Kh8 12. b5 Nd8 13. Qc2 f4 14. e3 Qh5 15. exf4 exf4 16. Ne2 Ne6 17. Rae1 Ng4 18. Ned4 Nxd4 19. Bxd4 Bf6 20. Qc3 Bd7 21. Re4 1/2-1/2

[Event "La Roda op 51st"]
[Site "La Roda"]
[Date "2025.04.18"]
[Round "6"]
[White "Yordanov, Lachezar"]
[Black "Aishwin, Daniel"]
[Result "1/2-1/2"]
[WhiteElo "2364"]
[BlackElo "2236"]
[PlyCount "43"]
[EventDate "2025.04.15"]
[EventType "swiss"]
[EventRounds "9"]
[EventCountry "ESP"]
[SourceTitle "CB17_2025"]
[SourceDate "2025.04.23"]
[SourceVersion "1"]
[SourceVersionDate "2025.04.23"]
[SourceQuality "1"]

1. d4 e6 2. c4 f5 3. e3 Bb4+ 4. Bd2 Bxd2+ 5. Qxd2 Nf6 6. Bd3 b6 7. Nc3 Bb7 8. f3 Nc6 9. Nge2 0-0 10. 0-0 d5 11. Nf4 Qd7 12. cxd5 Nxd5 13. Ncxd5 exd5 14. Bb5 Qd6 15. Bxc6 Bxc6 16. a4 Bb7 17. Rfc1 c5 18. Nd3 c4 19. Ne5 a6 20. b4 Rac8 21. f4 Rc7 22. Ra2 1/2-1/2

[Event "La Roda op 51st"]
[Site "La Roda"]
[Date "2025.04.17"]
[Round "4"]
[White "Talavera Garcia, Santiago"]
[Black "Aishwin, Daniel"]
[Result "0-1"]
[WhiteElo "2024"]
[BlackElo "2236"]
[PlyCount "84"]
[EventDate "2025.04.15"]
[EventType "swiss"]
[EventRounds "9"]
[EventCountry "ESP"]
[SourceTitle "CB17_2025"]
[SourceDate "2025.04.23"]
[SourceVersion "1"]
[SourceVersionDate "2025.04.23"]
[SourceQuality "1"]

1. e4 e6 2. d4 d5 3. Nc3 Bb4 4. e5 c5 5. a3 Bxc3+ 6. bxc3 Ne7 7. Qg4 Qc7 8. Bd3 c4 9. Be2 Nf5 10. h4 Nc6 11. h5 Qa5 12. Bd2 h6 13. Qf4 Bd7 14. g4 Nfe7 15. Rh3 Rf8 16. Nf3 f6 17. exf6 Rxf6 18. Qh2 0-0-0 19. Nh4 Rdf8 20. Rf3 Qb6 21. Bc1 Qd8 22. Qg3 Ng8 23. Ng6 Rxf3 24. Bxf3 Re8 25. Qd6 Qb6 26. Bf4 e5 27. dxe5 Nxe5 28. Qxe5 Qb2 29. Rd1 Qxc3+ 30. Kf1 Rxe5 31. Nxe5 Nf6 32. Bxd5 Nxd5 33. Rxd5 Bc6 34. Rc5 Qxc2 35. Nxc6 Qd1+ 36. Kg2 Qxg4+ 37. Bg3 bxc6 38. Rxc6+ Kb7 39. Rg6 Qd4 40. a4 c3 41. a5 c2 42. a6+ Ka8 0-1

[Event "IND-ch Rapid"]
[Site "Mahilong"]
[Date "2025.03.21"]
[Round "6"]
[White "Shyam, Nikil P"]
[Black "Aishwin, Daniel"]
[Result "1-0"]
[WhiteElo "2334"]
[BlackElo "2036"]
[PlyCount "105"]
[EventDate "2025.03.20"]
[EventType "tourn (rapid)"]
[EventRounds "11"]
[EventCountry "IND"]
[SourceTitle "CB13_2025"]
[SourceDate "2025.03.26"]
[SourceVersion "1"]
[SourceVersionDate "2025.03.26"]
[SourceQuality "1"]

1. g3 e6 2. Bg2 f5 3. d4 Nf6 4. Nh3 d6 5. 0-0 Be7 6. b4 c6 7. a4 0-0 8. Bb2 Qc7 9. Nd2 e5 10. dxe5 dxe5 11. Nc4 e4 12. Be5 Qd8 13. c3 Nbd7 14. Bd4 c5 15. bxc5 Nxc5 16. Ne3 Qc7 17. Nf4 Rd8 18. Qc2 Kh8 19. Rfd1 Qc6 20. c4 Qe8 21. Ned5 Nxd5 22. Nxd5 Na6 23. f3 exf3 24. exf3 Be6 25. f4 Bxd5 26. cxd5 Qf7 27. Qf2 Nb4 28. Be5 Qf8 29. Kh1 a5 30. Qb6 Bd6 31. Rac1 Qe7 32. Ba1 Qd7 33. Qd4 Rdc8 34. Bb2 Rab8 35. h4 h6 36. Kh2 Rc7 37. Rxc7 Qxc7 38. Rd2 Re8 39. Bh3 Re4 40. Qf2 Qf7 41. Bg2 Re8 42. Qb6 Qe7 43. Bf3 Bxf4 44. gxf4 Qxh4+ 45. Kg2 Re1 46. Qf2 Qh1+ 47. Kg3 Rg1+ 48. Bg2 h5 49. Kf3 Qh2 50. Qd4 Rxg2 51. Rxg2 Qh3+ 52. Kf2 Nd3+ 53. Kg1 1-0

[Event "Wroclaw Anderssen Memorial op"]
[Site "Wroclaw"]
[Date "2024.08.15"]
[Round "7"]
[White "Sernecki, Franciszek"]
[Black "Aishwin, Daniel"]
[Result "1/2-1/2"]
[WhiteElo "2372"]
[BlackElo "2234"]
[PlyCount "46"]
[EventDate "2024.08.15"]
[EventType "swiss (blitz)"]
[EventRounds "9"]
[EventCountry "POL"]
[SourceTitle "CBM 221 Extra"]
[Source "ChessBase"]
[SourceDate "2024.09.30"]
[SourceVersion "1"]
[SourceVersionDate "2024.09.30"]
[SourceQuality "1"]

1. e3 e6 2. Nf3 f5 3. d4 Nf6 4. Nbd2 b6 5. Bd3 Bb7 6. c3 d5 7. 0-0 Nbd7 8. Ne5 Nxe5 9. dxe5 Nd7 10. f4 Be7 11. Nf3 c5 12. Bd2 0-0 13. h3 a5 14. Qe2 Qc8 15. a4 Ba6 16. c4 Bb7 17. g4 Kh8 18. Rad1 Nb8 19. b3 Na6 20. Bc3 dxc4 21. Bxc4 Nc7 22. Be1 Qe8 23. Bg3 Qc6 1/2-1/2

[Event "Suwalki Warakomska Memorial 8th"]
[Site "Suwalki"]
[Date "2024.07.25"]
[Round "9"]
[White "Aishwin, Daniel"]
[Black "Petrovskiy, Vadim"]
[Result "1/2-1/2"]
[WhiteElo "2155"]
[BlackElo "2431"]
[PlyCount "23"]
[EventDate "2024.07.18"]
[EventType "swiss"]
[EventRounds "9"]
[EventCountry "POL"]
[SourceTitle "EXT 2025"]
[Source "ChessBase"]
[SourceDate "2024.10.14"]
[SourceVersion "1"]
[SourceVersionDate "2024.10.14"]
[SourceQuality "1"]

1. e4 e5 2. Nf3 Nc6 3. d4 exd4 4. Bc4 Nf6 5. e5 d5 6. Bb5 Nd7 7. 0-0 Be7 8. Re1 0-0 9. Nbd2 Nc5 10. h3 Ne6 11. Nb3 Bd7 12. Bf1 1/2-1/2

[Event "Suwalki Warakomska Memorial 8th"]
[Site "Suwalki"]
[Date "2024.07.23"]
[Round "7"]
[White "Aishwin, Daniel"]
[Black "Nasuta, Grzegorz"]
[Result "1/2-1/2"]
[WhiteElo "2155"]
[BlackElo "2551"]
[PlyCount "29"]
[EventDate "2024.07.18"]
[EventType "swiss"]
[EventRounds "9"]
[EventCountry "POL"]
[SourceTitle "EXT 2025"]
[Source "ChessBase"]
[SourceDate "2024.10.14"]
[SourceVersion "1"]
[SourceVersionDate "2024.10.14"]
[SourceQuality "1"]

1. e4 c5 2. Nf3 e6 3. d4 cxd4 4. Nxd4 Nf6 5. Nc3 Bb4 6. e5 Nd5 7. Qg4 Kf8 8. Qg3 d6 9. exd6 Nxc3 10. bxc3 Bxd6 11. Bf4 Bxf4 12. Qxf4 Qe7 13. Qe3 Nd7 14. Be2 Qc5 15. Rd1 1/2-1/2

[Event "Warsaw Najdorf Memorial op-A"]
[Site "Warsaw"]
[Date "2024.07.15"]
[Round "7"]
[White "Aishwin, Daniel"]
[Black "Gbiorczyk, Mikolaj1"]
[Result "1/2-1/2"]
[WhiteElo "2155"]
[BlackElo "2034"]
[PlyCount "43"]
[EventDate "2024.07.09"]
[EventType "swiss"]
[EventRounds "9"]
[EventCountry "POL"]
[SourceTitle "EXT 2025"]
[Source "ChessBase"]
[SourceDate "2024.10.14"]
[SourceVersion "1"]
[SourceVersionDate "2024.10.14"]
[SourceQuality "1"]

1. e4 e5 2. Nf3 Nc6 3. d4 exd4 4. Nxd4 Qf6 5. Nb3 Qg6 6. f3 Nf6 7. Bf4 d6 8. Nc3 Be7 9. Qd2 0-0 10. 0-0-0 a5 11. a4 Be6 12. g4 Nd7 13. Be3 Bxb3 14. cxb3 Nc5 15. Bc4 Ne5 16. Qe2 c6 17. Bxc5 dxc5 18. f4 Nxc4 19. bxc4 Rad8 20. h3 Rd4 21. Rxd4 cxd4 22. Nd1 1/2-1/2

[Event "Warsaw Najdorf Memorial op-A"]
[Site "Warsaw"]
[Date "2024.07.09"]
[Round "1"]
[White "Aishwin, Daniel"]
[Black "Jurasz, Antoni"]
[Result "1-0"]
[WhiteElo "2155"]
[BlackElo "1992"]
[PlyCount "71"]
[EventDate "2024.07.09"]
[EventType "swiss"]
[EventRounds "9"]
[EventCountry "POL"]
[SourceTitle "EXT 2025"]
[Source "ChessBase"]
[SourceDate "2024.10.14"]
[SourceVersion "1"]
[SourceVersionDate "2024.10.14"]
[SourceQuality "1"]

1. e4 c6 2. d4 d5 3. exd5 cxd5 4. c4 Nf6 5. Nc3 e6 6. Nf3 Nc6 7. a3 Be7 8. Bf4 0-0 9. c5 Nh5 10. Bg3 g6 11. b4 f6 12. Be2 a6 13. Na4 e5 14. Nb6 Rb8 15. dxe5 Nxg3 16. hxg3 Be6 17. Nd4 Nxd4 18. Qxd4 fxe5 19. Qxe5 Bf7 20. Rd1 Bf6 21. Qe3 Re8 22. Qf3 Re5 23. 0-0 Qe7 24. Bd3 Rd8 25. Bc2 Kg7 26. Bb3 Rf5 27. Qd3 Re5 28. Ba4 a5 29. bxa5 Re4 30. c6 bxc6 31. Bxc6 Qc5 32. Qb5 Qxa3 33. Bxd5 Re5 34. Nc4 Rdxd5 35. Rxd5 Rxd5 36. Nxa3 1-0